000 00959nam0a22002651 4500
001 rc\331361
005 20030307122615.3
035 _a(NLR Aleph) 005566757
090 _a5969224
_c5969224
100 _a20030307d1989 u |0rusy50 ca
101 0 _arus
102 _aRU
105 _ay |||||||||
200 1 _aСпектральное кинетическое уравнение для неупругого рассеяния в монокристаллах
210 _aМ.
_cМИФИ
_d1989
215 _a28 с.
_d20
225 1 _aПрепринт
_fГос. ком. СССР по нар. образованию. Моск. инж.-физ. ин-т
_v001-89
320 _aБиблиогр.: с. 25-28
700 1 _aДударев
_bС. Л.
_gСергей Львович
701 1 _aРязанов
_bМ. И.
_gМихаил Иванович
801 0 _aRU
_bNLR
_gpsbo
801 1 _aRU
_bELAR
_2rusmarc
852 _aNLR
_j89-4/13027
942 _cBOOK
980 _aNB